L'Afrique à l'heure des choix : Manifeste pour des solutions panafricaines (notice n° 1566589)
[ vue normale ]
| 000 -LEADER | |
|---|---|
| fixed length control field | 01131cam a2200133 4500500 |
| 005 - DATE AND TIME OF LATEST TRANSACTION | |
| control field | 20251214001930.0 |
| 041 ## - LANGUAGE CODE | |
| Language code of text/sound track or separate title | fre |
| 042 ## - AUTHENTICATION CODE | |
| Authentication code | dc |
| 100 10 - MAIN ENTRY--PERSONAL NAME | |
| Personal name | Mayaki, Ibrahim Assane |
| Relator term | author |
| 245 00 - TITLE STATEMENT | |
| Title | L'Afrique à l'heure des choix : Manifeste pour des solutions panafricaines |
| 260 ## - PUBLICATION, DISTRIBUTION, ETC. | |
| Name of publisher, distributor, etc. | Armand Colin,<br/> |
| Date of publication, distribution, etc. | 2018.<br/> |
| 520 ## - SUMMARY, ETC. | |
| Summary, etc. | Si la dernière décennie de croissance a vu naître le concept très à la mode d’afro-optimisme, on ne peut éluder le fait que l’Afrique abrite toujours près de 400 millions de personnes vivant dans une extrême pauvreté et qu’elle ne compte que très peu dans l’économie mondiale. Ce livre s’adresse aux jeunes générations qui, dans dix ans, gouverneront l’Afrique. Face aux défis de la globalisation, du changement climatique et de la pression démographique, Ibrahim Assane Mayaki donne les clés aux futurs dirigeants pour bâtir une unité panafricaine, renforcer les institutions et réussir la juste intégration du continent dans la mondialisation. |
| 856 41 - ELECTRONIC LOCATION AND ACCESS | |
| Uniform Resource Identifier | <a href="https://shs.cairn.info/l-afrique-a-l-heure-des-choix--9782200622398?lang=fr&redirect-ssocas=7080">https://shs.cairn.info/l-afrique-a-l-heure-des-choix--9782200622398?lang=fr&redirect-ssocas=7080</a> |
Pas d'exemplaire disponible.




Réseaux sociaux